|
|
|
|
| LEADER |
00790nam a22002297a 4500 |
| 001 |
AAL4785 |
| 003 |
BD-DhAAL |
| 005 |
20160508184455.0 |
| 008 |
160508s 1996nyua|||| |||| 00| 0 eng d |
| 020 |
|
|
|a 0132568500
|
| 040 |
|
|
|a BD-DhAAL
|c BD-DhAAL
|
| 082 |
|
|
|a 428.2
|
| 100 |
|
|
|a Broukal, Milada
|9 19446
|
| 245 |
|
|
|a Phoenix preparation for TOEFL /
|c Milada Broukal and Enid Nolan-Woods
|
| 260 |
|
|
|a New York :
|b Phoenix ELT,
|c 1996.
|
| 300 |
|
|
|a 332 p. :
|b ill. ;
|c 28 cm
|
| 541 |
|
|
|e 4785
|
| 700 |
|
|
|a Nolan-Woods, Enid
|9 19447
|
| 852 |
|
|
|a Savar Campus Library
|b General Shelf
|
| 942 |
|
|
|2 ddc
|c BK
|
| 999 |
|
|
|c 37533
|d 37533
|
| 952 |
|
|
|0 0
|1 0
|2 ddc
|4 0
|6 428_200000000000000_BRO
|7 0
|9 58939
|a SCL
|b SCL
|c GEN
|d 2016-05-08
|g 332.00
|l 1
|m 4
|o 428.2 BRO
|p 3020004785
|r 2019-12-09
|s 2019-09-22
|t 1
|w 2016-05-08
|y BK
|